| 000 | 00574nam a2200193 ar4500 | ||
|---|---|---|---|
| 001 | 5279 | ||
| 005 | 20221127091124.0 | ||
| 008 | 010821s ||| 00010|eng d | ||
| 020 |
_a9781138137592 (hbk) _cSR 480 |
||
| 082 | 0 | 4 | _a728.0941 T706 2015 |
| 100 | 1 | _aTowers, Graham | |
| 245 | 1 | 3 |
_aAn introduction to urban housing design : at home in the city / _cGraham Towers |
| 250 | _a1st.ed. | ||
| 260 |
_aNew York.U.S.A _bRoutledge _c2015 |
||
| 300 |
_a316 pgs. _bill.col. _c24.5 cm. |
||
| 500 | _ainclude Index | ||
| 650 | 4 | _aArchitecture, Domestic | |
| 700 | 0 | _aTowers, Graham | |
| 999 |
_c5276 _d5276 |
||